| 000 | 00578nam a2200181Ia 4500 | ||
|---|---|---|---|
| 008 | 151018s9999 xx 000 0 und d | ||
| 082 |
_bRBASDV60387 _a891.433 |
||
| 100 | _aभगवानदेव चैतन्य | ||
| 245 | _aपरिवेश | ||
| 250 | _b1 | ||
| 260 |
_b"नीरज बुक सेंटर,दिल्ली" _c2010 |
||
| 300 | _a103 | ||
| 600 | _aभगवानदेव चैतन्य | ||
| 630 | _aपरिवेश | ||
| 700 | _aभगवानदेव चैतन्य | ||
| 730 | _aपरिवेश | ||
| 942 | _cBOOK | ||
| 999 |
_c1053923 _d1053920 |
||